000 00913nam a2200277 i 4500
001 000021974
003 DO-SdBNP
005 20251127085909.0
007 ta
008 100915s1997 dr 000 0 spa d
040 _aDO-SdBNP
_bspa
_cBNPHU
_erda
041 _hspa
082 4 _axxx
_bV335a
_222
100 1 _aVásquez de Díaz, Elixiva María,
_d1912-
_eautor
_4aut.
_945561
245 1 0 _aAntiguallas de Neyba /
_cElixiva María Vásquez de Díaz.
264 4 _aSanto Domingo :
_bEditora Alfa y Omega,
_c1997.
300 _a331 páginas ;
_c23 cm.
336 _atexto
_btxt
_2rdacontent
337 _asin mediación
_bn
_2sin mediación
338 _avolumen
_bnc
_2rdacarrier
500 _aIncluye referencias bibliográficas y notas al pie de ls páginas
500 _aIncluye datos biográficos de la autora en la contracubierta.
590 _aInventariado, 2024/BT
910 _aBT
942 _2ddc
_cLBS1
999 _c21472
_d21472